000 01775nam0a2200421 4500
001 RU\NLR\bibl\141759
005 20260406112536.0
010 _a5-09-010267-8
_910000
021 _aRU
_b2000-50691
_92336
035 _a(NLR Aleph) 000138876
090 _a794474
_c794474
100 _a20010205d2001 |||y0rusy50 ca
101 0 _arus
_ager
102 _aRU
105 _aa |||||||||
200 1 _aШаги 1
_eКн. для учителя к учеб. нем. яз. для 5-го кл. общеобразоват. учреждений
_fИ. Л. Бим, Л. М. Санникова, П. А. Разинов
205 _a3-е изд.
210 _aМ.
_cПросвещение
_d2001
215 _a191,[1] с.
_cил.
_d22
300 _aОбл. на нем. яз.
300 _aНа обл. авт. не указаны
512 1 _aDeutsch Schritte 1
_eLehrerbeiheft
606 0 _aНемецкий язык
_xМетодика преподавания
_xСредняя школа
_91153200
_3RU\NLR\auth\66460494
606 0 _aНемецкий язык
_xПреподавание
_xСредняя школа
_92138300
_3RU\NLR\auth\661289141
610 0 _aНемецкий язык - Метод. пособия
675 _a372.881.111.22.046.14
_v3
_zrus
686 _a14
_2rugasnti
686 _a74.268.1Нем
_2rubbk
686 _aЧ426.179Нем.2(2)-215
700 1 _4070
_8rus
_7ca
_aБим
_bИ. Л.
_f1926-2011
_gИнесса Львовна
_3RU\NLR\AUTH\7785
_9110187
701 1 _aСанникова
_gЛидия Михайловна
_4070
701 1 _aРазинов
_gПавел Алексеевич
_4070
801 0 _aRU
_bRKP
_c20010205
_gPSBO
801 1 _aRU
_bRKP
_c20010205
801 2 _aRU
_bNLR
_c20060123
_grcr
942 _cBOOK
980 _aNB